1330 1237 1811 1354 1321 1526 1162 1967 1420 1051 1032 1180 1866 1638 1750 1393 1776 1675 1408 1525 1287 1508 1561 1032 1872 1642 1673 1791 1658 1052 1049 1488 1076 1411 1192 1214 1987 1930 1196 1528 1046 1971 1993 1257 1190 1057 1756 1064 1709 1316 1411 1381 1252 1945 1272 1515 1644 1038 1247 1286 1606 1677 1890 1194 1216 1499 1040 1025 1189 1741 1444 1781 1741 1725 1115 1425 1355 1083 1843 1843 1788 1686 1220 1120 1682 1873 1116 1213 1473 1846 1949 1309 1373 1548 1670 1273 1732 1286 1671 BCNSPRNW ULIB Ver.6.0+V

เปลี่ยนเป็นภาษาไทย

Change to English
 แสดงรายละเอียดบรรณานุกรม
  กลับหน้าหลัก

Brief Record : Get Marc (ISO 2709) : E-mail record : QR code < ปิดหน้าต่าง
LEADER : 00000nam 2200000uu 4500
001    13399111436
003     ULIB
008    110627s||||||||th 000 0 tha d
020    9786165020640
090    นว.^bญ242ธ 2554
100 0  ญาณา
245 00 ธาราหัวใจ/^cญาณา
250    พิมพ์ครั้งที่ 1
260    กรุงเทพฯ :^bSugar Beat,^c2554
300    367 หน้า
945    ^p230^l0^i030181
995    ทศพร
999 ^a ใช้งานได้ทุกระบบ
รายการนี้ยังไม่มีแท็ก
คุณยังไม่ได้ล็อกอิน คุณสามารถมีกิจกรรมร่วมกับเว็บไซต์ได้ แต่ต้องล็อกอินก่อน ::
  ล็อกอิน

รายการสื่อสารสนเทศ

ลำดับที่ ประเภท เลขเรียก/บาร์โค้ด สถานที่ สถานะ
- ไม่พบข้อมูล -

รายการใกล้เคียง
    ผู้แต่ง [ญาณา]

BibComment


ยังไม่เคยถูกคอมเมนท์

คอมเมนท์ทรัพยากรรายการนี้
  คอมเมนท์: ธาราหัวใจ ญาณา


 Copyright 2026. Bcnsprnw @Library